AC Chievo Verona Squad 2016-2017 - Statistics

General Stats
  • This quiz has been taken 8 times
  • The average score is 15 of 30
Answer Stats
# Position Nation Player % Correct
56 MF Finland Përparim Hetemaj
100%
31 FW Italy Sergio Pellissier
100%
8 MF Serbia Ivan Radovanović
83%
13 MF Argentina Mariano Izco
83%
5 DF Italy Alessandro Gamberini
67%
3 DF Italy Dario Dainelli
67%
1 MF Netherlands Jonathan de Guzmán
67%
19 MF Argentina Lucas Castro
67%
21 DF France Nicolas Frey
67%
2 DF Argentina Nicolás Spolli
67%
23 MF Slovenia Valter Birsa
67%
83 FW Italy Antonio Floro Flores
50%
12 DF Slovenia Boštjan Cesar
50%
29 DF Italy Fabrizio Cacciatore
50%
20 DF Italy Gennaro Sardo
50%
4 MF Italy Nicola Rigoni
50%
69 FW Italy Riccardo Meggiorini
50%
45 FW Italy Roberto Inglese
50%
- Coach Italy Rolando Maran
50%
70 GK Italy Stefano Sorrentino
50%
90 GK Italy Andrea Seculin
33%
36 DF Italy Filippo Costa
33%
18 DF Italy Massimo Gobbi
33%
7 FW Togo Serge Gakpé
33%
32 GK Italy Walter Bressan
33%
28 MF Belgium Samuel Bastien
17%
95 FW Gambia Lamin Jallow
0%
77 DF Italy Michele Troiani
0%
94 MF Senegal N'Diaye Djiby
0%
27 FW Italy Vittorio Parigini
0%
No matching quizzes found
Score Distribution
Percent of People with Each Score
Percentile by Number Answered
Your Score History
You have not taken this quiz